Black or White Blitz Quiz Stats

Quiz Updated Nov 24, 2015

Also try: Red or Blue Blitz
Challenge
Share
Tweet
Embed
Score 0/44 Timer 02:00
3 Plays Today
Hint B or W % Correct
Darth Vader???
89.6%
_____ Widow spider???
89.5%
A raven???
89.2%
_____ cat - a witch's familiar???
89.2%
Snow _____ - Fairy tale???
89.1%
Main color in goth clothing style???
88.8%
_____ blood cell???
88.4%
The ____ House - residence of the US president???
88.3%
_____ Sabbath - Ozzy Osbourne's band???
88.3%
Rabbit that Alice follows to Wonderland???
88.1%
_____ Monday - 1987 stock market crash???
87.6%
Drip coffee without additions???
87.2%
_____ ops - covert operations???
87.1%
'_____ Christmas' - Bing Crosby???
87.1%
8-ball in pool???
86.6%
The Taj Mahal???
86.4%
Majority of piano keys???
85.7%
Jack _____ - Actor, comedian, half of Tenacious D???
85.3%
Ivory???
84.8%
Central stripe on the flags of France & Italy???
84.8%
_____ lie - a benign bit of dishonesty???
84.8%
_____ flag - symbol of surrender???
84.5%
Hint B or W % Correct
_____ Beauty - Anna Sewell novel???
83.9%
Sirius _____ - character from Harry Potter???
83.1%
Ebony???
82.4%
_____ Men Can't Jump - 1992 movie???
81.9%
'Paint it _____' - Rolling Stones???
81.3%
_____adder - classic British sitcom???
80.9%
_____ cliffs of Dover???
80.2%
'_____ Hole Sun' - Soundgarden???
79.8%
A beluga whale???
77.4%
Top stripe on the flag of Germany???
76.3%
Absence of or complete absorption of light???
75.9%
Jet gemstones???
74.8%
SS uniform???
73.4%
_____ Russian - The Dude's mixed drink of choice???
71.4%
_____ Knight - never defeated Monty Python swordsman???
68.4%
First color to move in a game of chess???
67.3%
Clothing worn during a pilgrimage to Mecca???
65.5%
'_____ Lines' - Grandmaster Flash???
62.5%
Combination of all colors in the visible spectrum???
61.3%
Saruman the _____???
59.2%
Monarchist army in the 1917 Russian revolution???
55.6%
Jack _____ - musician, ex-husband of Meg???
47.3%

You're not logged in!

Compare scores with friends on all Sporcle quizzes.
Sign Up with Email
OR
Log In

You Might Also Like...

Show Comments

Extras

Top Quizzes Today


Score Distribution

Your Account Isn't Verified!

In order to create a playlist on Sporcle, you need to verify the email address you used during registration. Go to your Sporcle Settings to finish the process.

Report this User

Report this user for behavior that violates our Community Guidelines.

Details: